000 00415nam a2200145Ia 4500
008 231129s1992||||xx |||||||||||||| ||spa||
020 _a958-04-1842-X
040 _bspa
082 _a796.48 S614s
100 _aSimson Vyv
245 0 _aLos señores de los anillos. poder dinero y doping en los juegos olí­mpicos
260 _c1992
264 _aNorma
942 _2ddc
_cBKS
999 _c20060
_d20060